00818cam a22002411 4500001001300000003000400013005001700017008004100034010001700075035001900092040002000111042001200131050001600143100001900159245003800178260004500216300004300261500003700304500014900341500004000490651002900530999001700559sa 67007576 DLC20260227112417.0761018s1964 io abc 000 0 ind  asa 67007576  a(OCoLC)2510384 aDLCcIDeKNdDLC apremarc00aDS511b.H870 aHussein Ahmad.10aSejarah Tenggara Asia, 1500-1945. a[Kota Bharu?]bPenerbit Kelantanc[1964] a273 p.,billus., maps, ports.,c19 cm. aOn verso of t. p.: Pustaka Aman. a"Mengikut sukatan pelajaran tawarikh yang telah di-kaji sa-mula bagi tahun 1964 dan 1965, untok pepereksaan F. M. C. dan O. S. C., tingkatan v." a"Bahan bachaan dan petekan": p. [3] 0aSoutheast AsiaxHistory. c76670d76670